Seizmická odolnosť bezpečnostných systémov JE

Gespeichert in:
Bibliographische Detailangaben
1. Verfasser: Kovár, Jakub (Verfasst von)
Weitere Verfasser: Urban, František (Betreuung Doktorarbeit)
Format: Manuskript Buch
Sprache:Slowakisch
Veröffentlicht: 2016
Schlagworte:
Online-Zugang:http://is.stuba.sk/zp/portal_zp.pl?podrobnosti=133471
Tags: Tag hinzufügen
Keine Tags, Fügen Sie das erste Tag hinzu!

MARC

LEADER 00000ntm a22000003a 4500
001 stuzp57819
003 SK-STU
005 20160719155354.9
007 ta
008 150427s2015----xo-----f-mn---000-0-slo-d
040 |a STU  |b slo 
041 0 |a slo 
100 1 |a Kovár, Jakub  |u 020060  |k Z4  |4 aut  |U SjF Strojnícka fakulta  |T SjF Ústav energetických strojov a zariadení  |X 9570  |U J0060  |Y 805  |7 A000009570 
242 0 1 |a Seismic capacity analysis of the nuclear power plant safety systems  |y eng 
245 1 0 |a Seizmická odolnosť bezpečnostných systémov JE 
260 |c 2016 
650 4 |a bezpečnostné systémy  |2 slo 
650 4 |a seizmická odolnosť  |2 slo 
650 4 |a LOCA  |2 slo 
650 4 |a SPSA  |2 slo 
650 4 |a jadrová elektráreň  |2 slo 
650 4 |a zraniteľnosť  |2 slo 
650 4 |a RiskSpectrum PSA  |2 slo 
650 4 |a PGA  |2 slo 
650 4 |a strom porúch  |2 slo 
650 4 |a LOCA  |2 eng 
650 4 |a nuclear power plant  |2 eng 
650 4 |a RiskSpectrum PSA  |2 eng 
650 4 |a fault tree  |2 eng 
650 4 |a vulnerability  |2 eng 
650 4 |a PGA  |2 eng 
650 4 |a SPSA  |2 eng 
650 4 |a safety systems  |2 eng 
650 4 |a seismic capacity  |2 eng 
700 1 |a Urban, František  |u 020060  |k Z1  |4 ths  |U SjF Strojnícka fakulta  |T SjF Ústav energetických strojov a zariadení  |X 2435  |U J0060  |Y 805  |7 A000002435 
856 4 |u http://is.stuba.sk/zp/portal_zp.pl?podrobnosti=133471 
996 |b 284J043913  |c J* 2203/DP  |l JJSK  |s A  |a 24  |w stuzp57819_0001 
SQL |a stuzp57819  |b DDP  |c SLO  |d Seizmická odolnosť bezpečnostných systémov JE  |e 9570  |f Kovár, Jakub  |g 020060  |h 2435  |i Urban, František  |j 20160615  |k 1306  |l 02  |m http://is.stuba.sk/zp/portal_zp.pl?podrobnosti=133471  |n I-ESZ  |o 5.2.6. energetické stroje a zariadenia